| 000 -ლიდერი |
| ფიქსირებული სიგრძის საკონტროლო ველი |
01127nam a2200253Ia 4500 |
| 001 - საკონტროლო ნომერი |
| საკონტროლო ველი |
6434 |
| 003 - საკონტროლო ნომრის იდენტიფიკატორი |
| საკონტროლო ველი |
GE_BSU |
| 005 - ბოლო ოპერაციის თარიღი და დრო |
| საკონტროლო ველი |
20191118145821.0 |
| 008 - ფიქსირებული სიგრძის მონაცემთა ელემენტები - ზოგადი ინფორმაცია |
| ფიქსირებული სიგრძის საკონტროლო ველი |
181216s1981||||ge |||||||||||||| ||geo|| |
| 040 ## - კატალოგიზაციის წყარო |
| Transcribing agency |
GE_BSU |
| 041 ## - ენის კოდი |
| Language code of text/sound track or separate title |
geo |
| 080 ## - უნივერსალური ათობითი კლასიფიკაციის ინდექსი |
| Universal Decimal Classification number |
576.3(075.80) |
| 245 ## - ცნობა სათაურის შესახებ |
| Title |
ციტოლოგია |
| Remainder of title |
სახელმძღვ. პედ. ინ-ტებისათვის / |
| Statement of responsibility, etc |
ა.ს. ტროშინი, ა.დ. ბრაუნი, ი.ბ. ვახტინი და სხვ. ; რედ. ა.ს. ტროშინი. |
| 264 ## - წარმოების, გამოცემის, დისტრიბუციის და სხვა ცნობები |
| გამოცემის, წარმოების, დისტრიბუციის... ადგილი |
თბილისი : |
| გამოცემის, წარმოების, დისტრიბუციის... სახელწოდება |
განათლება, |
| გამოცემის, წარმოების, დისტრიბუციის... თარიღი |
1981. |
| 300 ## - ფიზიკური აღწერა |
| Extent |
325 გვ. ; |
| Other physical details |
22 სმ. |
| 504 ## - BIBLIOGRAPHY, ETC. NOTE |
| Bibliography, etc |
ლიტ. სია: გვ.124. |
| 653 ## - INDEX TERM--UNCONTROLLED |
| Uncontrolled term |
ციტოლოგია |
| 653 ## - INDEX TERM--UNCONTROLLED |
| Uncontrolled term |
ბიოლოგია |
| 700 ## - ADDED ENTRY--PERSONAL NAME |
| Personal name |
ტროშინი, ა.ს. |
| Relator term |
ავტორი |
| 9 (RLIN) |
5406 |
| 700 ## - ADDED ENTRY--PERSONAL NAME |
| Personal name |
ბრაუნი, ა.დ. |
| Relator term |
ავტორი |
| 9 (RLIN) |
5407 |
| 700 ## - ADDED ENTRY--PERSONAL NAME |
| Personal name |
ვახტინი, ი.ბ. და სხვ. |
| Relator term |
ავტორი |
| 9 (RLIN) |
5408 |
| 700 ## - ADDED ENTRY--PERSONAL NAME |
| Personal name |
ტროშინი, ა. |
| Relator term |
რედაქტორი |
| 9 (RLIN) |
5409 |
| 942 ## - ADDED ENTRY ELEMENTS (KOHA) |
| Koha item type |
წიგნი |
| Source of classification or shelving scheme |
|